000 00628nam a2200217Ia 4500
003 OSt
005 20220923230839.0
006 a|||||r|||| 00| 0
007 ta
008 Pun
024 _a306,048
037 _cTextual
040 _aARTS
_cARTS
_bPun
041 _2Pun
_aPun
082 _aP153xN, L9
100 _aਜਗਤਾਰ, ਜਾਗੀਰ ਸਿੰਘ, ਥਦ.
245 0 _aਪੰਜਾਬੀ ਭਾFਾ ਅਜੋਕੀ ਸਥਿਤੀ ਤੇ ਇਕ ਝਾਤ
260 _c1979
942 _hP153xN, L9
_cTEXL
_2CC
999 _c387835
_d387835